00669 2200241 4500001002100000005001700021008004100038035002400079040001200103082001200115084001800127100001800145245007700163250001100240260002700251300003700278500002700315650001800342700001300360850001200373990002100385999002100406INLIS00000000002381420161102092557.0 ind  0010-111600000000068 aYOPDYOG 223a339 aDEP 339 Sud E aSUDARMAN, Ari aEkonomi mikro-makrob: (teori, soal dan jawab)c/ Ari Sudarman, Algifari aCet. 2 aYogyakartabBPFEc1993 axii, 341 hlm.b: ilus.c; 24 cm. aBibliografi : hlm. 341 aEkonomi makro aALGIFARI aYOPDYOG aCB-D.11/1993-441 a90-182 h CB-D.11